00638nam a2200181 i 4500001000700000003000900007005001700016007000300033008004100036100002500077245019300102260003300295300003400328650002000362700002800382700002500410852002100435148037ES-MaACL20250902081815.0t|070214s1952 sp |||| | spa d1 aSpriegel, William R.10aFundamentos de organización de empresas / cWilliam R. Spriegel ; en colaboración con Ernest Coulter Davies ; versión de la segunda edición americana y notas de Jorge Serra Murtra. aBarcelona : bLabor, c1952. aXV, 588 p. : bil. ; c24 cm. 7aNegocios2embne1 aCoulter Davies, Ernest.1 aSerra Murtra, Jorge. aES-MaACLjD-8010